000 00295nam a2200121Ia 4500
005 20251222155135.0
008 251222s9999||||xx |||||||||||||| ||spa||
082 _aESC. 67
100 _aMUÑOZ M. Andres.
245 0 _aLos Sistemas Sanitarios Organización
264 _bNo tiene
942 _cLIB
999 _c38948
_d38948